El nuevo sistema del derecho penal: una introducción a la doctrina de la acción finalista
Saved in:
| Hovedforfatter: | |
|---|---|
| Format: | Bog |
| Sprog: | spansk |
| Udgivet: |
San Miguel de Tucumán
Euros
2004
|
| Udgivelse: | 1a. ed |
| Serier: | Maestros del Derecho Penal, 4
|
| Fag: | |
| Tags: |
Tilføj Tag
Ingen Tags, Vær først til at tagge denne postø!
|
MARC
| LEADER | 00000nam a2200000 a 4500 | ||
|---|---|---|---|
| 001 | UCK3319 | ||
| 003 | CL-VaPUC | ||
| 008 | 050422e20040000AG |||||||||||||||||spa|d | ||
| 020 | |a 987983349X | ||
| 082 | 0 | 4 | |a 345 |b WEL |2 21 |
| 100 | |a Welzel, Hans |e author |9 395014 | ||
| 245 | 1 | 3 | |a El nuevo sistema del derecho penal: una introducción a la doctrina de la acción finalista |
| 250 | |a 1a. ed | ||
| 300 | |a 201 p | ||
| 942 | |c BK | ||
| 945 | |d 20050422 00:00:00 |a cmena | ||
| 260 | |a San Miguel de Tucumán |b Euros |c 2004 | ||
| 650 | 7 | |a DERECHO PENAL |2 CL-VaPUC |9 11 | |
| 650 | 0 | |a Teoría del derecho |9 255982 | |
| 650 | 0 | |a Filosofía del derecho |9 255050 | |
| 650 | 0 | |a Responsabilidad penal |9 254899 | |
| 650 | 0 | |a Delitos |9 224143 | |
| 583 | |a last modification |c 20050422 00:00:00 |k Rodrigo Vera | ||
| 490 | 0 | |a Maestros del Derecho Penal, 4 | |
| 999 | |c 312565 |d 312563 | ||
| 952 | |0 0 |1 0 |4 0 |6 345_000000000000000_WEL_2004 |7 0 |8 A |9 383056 |a BIBDER |b BIBDER |d 2019-11-21 |i 4105125 |l 2 |o 345 WEL 2004 |p 4105125 |r 2024-06-17 |s 2024-06-17 |w 2019-11-21 |y BK |k DER | ||